[Event "NED-ch U21"]
[Site "Rotterdam"]
[Date "2014.05.03"]
[Round "8"]
[White "Kollen, Zyon"]
[Black "Lentjes, Noud"]
[Result "1-0"]
[WhiteElo "2197"]
[BlackElo "2050"]
[PlyCount "145"]
[EventDate "2014.04.26"]
[EventType "swiss"]
[EventRounds "9"]
[EventCountry "NED"]
[SourceTitle "EXT 2016"]
[Source "ChessBase"]
[SourceDate "2015.10.08"]
[SourceVersion "1"]
[SourceVersionDate "2015.10.08"]
[SourceQuality "1"]

1. e4 c5 2. Nf3 d6 3. d4 cxd4 4. Nxd4 Nf6 5. Nc3 a6 6. Be3 e5 7. Nb3 Be6 8. f3 Nbd7 9. Qd2 b5 10. a4 b4 11. Nd5 Bxd5 12. exd5 Nb6 13. Bxb6 Qxb6 14. a5 Qb7 15. Bc4 Be7 16. Ra4 Rb8 17. Nc1 0-0 18. Na2 e4 19. Nxb4 exf3 20. gxf3 Nd7 21. c3 Nc5 22. Ra1 Qd7 23. Kd1 Qf5 24. Rf1 Rbe8 25. Bd3 Qh5 26. Kc2 Bg5 27. Qg2 Bh6 28. Rae1 Nxd3 29. Kxd3 Qf5+ 30. Re4 Qd7 31. Rfe1 Rxe4 32. Rxe4 Qb5+ 33. Kc2 Qa4+ 34. b3 Qxa5 35. Kb2 g6 36. Qe2 Bg7 37. Qc4 Qb6 38. Qxa6 Qg1 39. Qe2 Be5 40. f4 Bg7 41. Re8 Bxc3+ 42. Kxc3 Qc5+ 43. Kb2 Qxb4 44. Rxf8+ Kxf8 45. Qe3 Kg8 46. Kc2 h5 47. h4 Kf8 48. Qd2 Qe4+ 49. Kc3 Qh1 50. b4 Qxh4 51. b5 Qg3+ 52. Kb4 Qg1 53. Qc3 Qb1+ 54. Ka5 Qa2+ 55. Kb6 Qxd5 56. Qc6 Qe6 57. Kc7 Qe7+ 58. Qd7 Qe1 59. b6 Qa5 60. Qc6 h4 61. Kd7 Qf5+ 62. Kd8 Qf6+ 63. Kc7 h3 64. b7 h2 65. b8Q+ Kg7 66. Qba8 Qxf4 67. Qa1+ Kh7 68. Qah1 d5+ 69. Qd6 Qc4+ 70. Kd8 Qh4+ 71. Ke8 Qa4+ 72. Kxf7 Qa7+ 73. Qe7 1-0

[Event "NED-ch U21"]
[Site "Rotterdam"]
[Date "2014.04.30"]
[Round "5"]
[White "Lentjes, Noud"]
[Black "Damen, Jip"]
[Result "1-0"]
[WhiteElo "2050"]
[BlackElo "1735"]
[PlyCount "49"]
[EventDate "2014.04.26"]
[EventType "swiss"]
[EventRounds "9"]
[EventCountry "NED"]
[SourceTitle "EXT 2016"]
[Source "ChessBase"]
[SourceDate "2015.10.08"]
[SourceVersion "1"]
[SourceVersionDate "2015.10.08"]
[SourceQuality "1"]

1. e4 d6 2. d4 Nf6 3. Nc3 g6 4. f4 Bg7 5. Nf3 0-0 6. Bd3 c6 7. 0-0 Qb6 8. e5 Nh5 9. Kh1 Bg4 10. Qe1 Bh8 11. Be3 d5 12. h3 Bc8 13. g4 Ng7 14. Ng5 h6 15. Nxf7 Kxf7 16. Qh4 h5 17. Qg5 c5 18. dxc5 Qc6 19. Bd4 hxg4 20. hxg4 Rg8 21. f5 gxf5 22. gxf5 Nxf5 23. Rxf5+ Bxf5 24. Qxf5+ Ke8 25. Bb5 1-0

[Event "NED-ch U21"]
[Site "Rotterdam"]
[Date "2014.04.26"]
[Round "1"]
[White "Lentjes, Noud"]
[Black "Ducarmon, Quinten"]
[Result "0-1"]
[WhiteElo "2050"]
[BlackElo "2489"]
[PlyCount "118"]
[EventDate "2014.04.26"]
[EventType "swiss"]
[EventRounds "9"]
[EventCountry "NED"]
[SourceTitle "EXT 2016"]
[Source "ChessBase"]
[SourceDate "2015.10.08"]
[SourceVersion "1"]
[SourceVersionDate "2015.10.08"]
[SourceQuality "1"]

1. e4 c6 2. Nc3 d5 3. Nf3 Nf6 4. e5 Ne4 5. d4 c5 6. Bd3 Nxc3 7. bxc3 c4 8. Be2 Nc6 9. 0-0 e6 10. a4 Bd7 11. Be3 Be7 12. Qd2 h6 13. h3 Qc7 14. Nh2 0-0-0 15. Bh5 Rdf8 16. f4 Rhg8 17. Kh1 Be8 18. Qe2 f5 19. exf6 Rxf6 20. Bxe8 Rxe8 21. Ng4 Rf5 22. Bd2 Bd6 23. Ne3 Rff8 24. Qg4 Kb8 25. f5 e5 26. Nxd5 Qf7 27. Ne3 exd4 28. cxd4 c3 29. Bc1 Nb4 30. Ba3 Ka8 31. Bxb4 Bxb4 32. Qf3 Rd8 33. Rfd1 g6 34. Rab1 a5 35. g4 h5 36. Kg2 hxg4 37. hxg4 gxf5 38. Nxf5 Qa2 39. Qf2 Qxa4 40. d5 Rg8 41. Rd4 Qa2 42. Rbd1 Bc5 43. Ne3 Bxd4 44. Rxd4 Qa3 45. Qf4 Qd6 46. Qxd6 Rxd6 47. Rc4 b5 48. Rxc3 b4 49. Rc5 Ra6 50. d6 Rd8 51. Nd5 Kb7 52. Rc7+ Kb8 53. d7 Ra7 54. Rxa7 Kxa7 55. Kf3 Rxd7 56. Ke4 Ka6 57. g5 Kb5 58. g6 a4 59. c4+ Kc5 0-1